000 00463nam a22001697a 4500
020 _a9788126508389
082 _a621.31 WOO
100 _aWood, Allen J.
245 _aPower generation, operation, and control
250 _a2nd ed.
260 _aNew Delhi, India
_bWiley
_c2005
300 _axv, 569 p.
_bill. ;
500 _aIncludes bibliographical references and index.
650 _aElectric power systems.
700 _aWollenberg, Bruce F.
942 _cBK
999 _c12533
_d12533